000 00474nam a22001937a 4500
003 MPLRDC
005 20220104143309.0
008 210129b ||||| |||| 00| 0 eng d
020 _a978-986-235-243-4
082 _a494.35 ROS
100 _aRENZO ROSSO
245 _aBE STUPID
_c林咏心 译
250 _a初版
260 _a台湾
_b脸谱出版
_c2013
300 _b188
490 _a企画丛书: FP2248
650 _a职场成功法
942 _cBK
_o494.35 ROS
999 _c38532
_d38522